[Event "Gligoric Cup 8th"]
[Site "Paracin"]
[Date "2022.06.01"]
[Round "2.3"]
[White "Markovic, Miroslav"]
[Black "Rajic, Momcilo"]
[Result "1-0"]
[WhiteElo "2271"]
[BlackElo "1931"]
[PlyCount "119"]
[EventDate "2022.05.31"]
[EventType "team-swiss"]
[EventRounds "5"]
[EventCountry "SRB"]
[SourceTitle "CBM 208 Extra"]
[Source "ChessBase"]
[SourceDate "2022.07.31"]
[SourceVersion "1"]
[SourceVersionDate "2022.07.31"]
[SourceQuality "1"]
[WhiteTeam "Kac Jugovic"]
[BlackTeam "Paracin OSK"]
[WhiteTeamCountry "SRB"]
[BlackTeamCountry "SRB"]

1. Nf3 Nc6 2. g3 e5 3. d3 Bc5 4. Bg2 d5 5. 0-0 Be6 6. c3 Qd7 7. d4 exd4 8. cxd4 Bb6 9. Nc3 a6 10. Bf4 Nf6 11. Ne5 Qe7 12. Nxc6 bxc6 13. Na4 Nh5 14. Bd2 Nf6 15. Rc1 Bxd4 16. Rxc6 Be5 17. Nc5 0-0 18. Qc2 Rfb8 19. b3 Rb6 20. Nxe6 fxe6 21. e4 dxe4 22. Bxe4 Rd8 23. Be3 Rxc6 24. Qxc6 Qd6 25. Rc1 Qxc6 26. Bxc6 Nd5 27. Bc5 Nc3 28. Rc2 Rd1+ 29. Kg2 Kf7 30. h4 Ra1 31. a4 a5 32. Rd2 Rd1 33. Rxd1 Nxd1 34. b4 Bc3 35. bxa5 Bxa5 36. Kf3 Nc3 37. Ke3 e5 38. Kd3 Ke6 39. Kc4 g6 40. g4 h5 41. f3 Nxa4 42. Bxa4 Be1 43. Be8 hxg4 44. fxg4 Bxh4 45. Bxg6 Kf6 46. Bf5 Bg3 47. Kd5 Be1 48. Ke4 Bg3 49. Be3 Bh4 50. Bd2 c6 51. Ba5 Bg3 52. Bd8+ Kg7 53. g5 Bf4 54. Kf3 c5 55. Bd3 Kf7 56. Kg4 Ke6 57. Bc4+ Kd6 58. Bf6 Bd2 59. g6 Bh6 60. g7 1-0

[Event "Paracin Summer op-B 12th"]
[Site "Paracin"]
[Date "2019.07.08"]
[Round "4"]
[White "Micanovic, Zoran"]
[Black "Rajic, Momcilo"]
[Result "0-1"]
[WhiteElo "1870"]
[BlackElo "1957"]
[PlyCount "64"]
[EventDate "2019.07.05"]
[EventType "swiss"]
[EventRounds "9"]
[EventCountry "SRB"]
[SourceTitle "EXT 2020"]
[Source "ChessBase"]
[SourceDate "2019.10.17"]
[SourceVersion "1"]
[SourceVersionDate "2019.10.17"]
[SourceQuality "1"]

1. e4 c5 2. Nf3 Nc6 3. Bc4 h6 4. c3 d6 5. d4 cxd4 6. cxd4 Nf6 7. Qb3 e6 8. Qd3 d5 9. exd5 Nxd5 10. a3 a6 11. 0-0 b5 12. Bb3 Be7 13. Nc3 Nb6 14. Rd1 Na5 15. Bc2 Bb7 16. Ne5 Nbc4 17. Qg3 Bf6 18. b4 Nc6 19. Nxc6 Bxc6 20. Ne4 Rc8 21. Nc5 Ra8 22. Bf4 a5 23. Bc7 Qe7 24. bxa5 Nxa5 25. Bd6 Qd8 26. Bg6 Nc4 27. Bc7 Qe7 28. Bd3 Bxd4 29. Bxc4 bxc4 30. Bd6 Qg5 31. Nxe6 fxe6 32. Qh3 e5 0-1

[Event "Paracin Summer op-B 11th"]
[Site "Paracin"]
[Date "2018.07.07"]
[Round "3"]
[White "Rajic, Momcilo"]
[Black "Mohamed, Saeed Laily"]
[Result "0-1"]
[WhiteElo "1971"]
[BlackElo "1708"]
[PlyCount "102"]
[EventDate "2018.07.06"]
[EventType "swiss"]
[EventRounds "9"]
[EventCountry "SRB"]
[SourceTitle "EXT 2019"]
[Source "ChessBase"]
[SourceDate "2018.10.10"]
[SourceVersion "1"]
[SourceVersionDate "2018.10.10"]
[SourceQuality "1"]

1. d4 d5 2. c4 Bf5 3. Nc3 e6 4. a3 Nf6 5. Nf3 Be7 6. Qb3 b6 7. Ne5 0-0 8. f3 c5 9. Be3 dxc4 10. Qxc4 Nd5 11. Bf2 Nxc3 12. bxc3 Qc7 13. e4 Bg6 14. Bd3 Nd7 15. Nxg6 hxg6 16. Bg3 Bd6 17. e5 Be7 18. Bxg6 b5 19. Qa2 cxd4 20. Be4 Qxc3+ 21. Kf1 Rac8 22. Rd1 Bxa3 23. Qe2 b4 24. f4 Nc5 25. Bb1 g6 26. Qg4 Qc4+ 27. Kg1 d3 28. h4 Kg7 29. h5 Bc1 30. Qh4 Be3+ 31. Kh2 Rh8 32. Qf6+ Kg8 33. Kh3 Rxh5+ 34. Kg4 Qe4 35. Rxh5 gxh5+ 36. Kxh5 Qh7+ 37. Kg4 Ne4 38. Qh4 Qg6+ 39. Kf3 Nxg3 40. Rxd3 Qh5+ 41. Qg4+ Qxg4+ 42. Kxg4 Nf5 43. Kg5 Rc4 44. g3 Rd4 45. Rb3 a5 46. Bxf5 exf5 47. Rxe3 a4 48. e6 fxe6 49. Rxe6 a3 50. Ra6 Rd8 51. Kxf5 Rb8 0-1

[Event "Paracin"]
[Site "Paracin"]
[Date "2015.12.01"]
[Round "4"]
[White "Rajic, Momcilo"]
[Black "Rajkovic, Zoran"]
[Result "1/2-1/2"]
[WhiteElo "1898"]
[BlackElo "1852"]
[PlyCount "73"]
[EventDate "2015.11.29"]
[EventType "tourn"]
[EventRounds "9"]
[EventCountry "SRB"]
[SourceTitle "CBM 170 Extra"]
[Source "ChessBase"]
[SourceDate "2016.02.25"]
[SourceVersion "1"]
[SourceVersionDate "2016.02.25"]
[SourceQuality "1"]

1. d4 b6 2. e4 Bb7 3. Bd3 e6 4. Nc3 Bb4 5. a3 Bxc3+ 6. bxc3 Nf6 7. f3 d5 8. e5 Nfd7 9. Ne2 c5 10. Ng3 Nc6 11. Be3 h5 12. h3 Qh4 13. Bf2 Qg5 14. Qd2 Qe7 15. f4 c4 16. Be2 g6 17. Nf1 0-0-0 18. Nh2 Rdg8 19. Nf3 Kb8 20. Bh4 Qe8 21. a4 Na5 22. Qe3 Bc6 23. Qc1 Ka8 24. Qa3 Nb8 25. Bf6 Rh6 26. 0-0 Nd7 27. Bg5 Rh7 28. Ra2 Rf8 29. Be7 Rg8 30. Ng5 Rhh8 31. Qd6 Nb8 32. Bf6 Rh6 33. Rfa1 Nd7 34. Be7 Rhh8 35. Nf3 Qc8 36. Bg5 Re8 37. Qa3 1/2-1/2

[Event "SRB Central-ch op-B 7th"]
[Site "Paracin"]
[Date "2014.07.05"]
[Round "3"]
[White "Rajic, Momcilo"]
[Black "Isak, Igor G"]
[Result "0-1"]
[WhiteElo "1923"]
[BlackElo "2062"]
[PlyCount "94"]
[EventDate "2014.07.04"]
[EventType "swiss"]
[EventRounds "9"]
[EventCountry "SRB"]
[SourceTitle "CBM 161 Extra"]
[Source "ChessBase"]
[SourceDate "2014.08.29"]
[SourceVersion "1"]
[SourceVersionDate "2014.08.29"]
[SourceQuality "1"]

1. e4 c5 2. Bc4 e6 3. Nc3 Nc6 4. Nf3 a6 5. d4 cxd4 6. Nxd4 Qc7 7. Nxc6 bxc6 8. Be3 d5 9. Bd3 Bd6 10. h4 Ne7 11. 0-0 Ng6 12. Na4 0-0 13. Nb6 Rb8 14. Nxc8 Qxc8 15. Rb1 Qc7 16. a3 a5 17. Qd2 Bf4 18. exd5 Bxe3 19. Qxe3 cxd5 20. Bxg6 hxg6 21. c3 Rb3 22. Rfc1 Rfb8 23. Rc2 Rxa3 24. Rd1 Ra2 25. Qe2 Ra4 26. g3 Re4 27. Qd3 Qe5 28. Qd2 a4 29. Ra1 g5 30. Kg2 g6 31. Qd3 Kg7 32. Qa6 Rc4 33. f3 Rh8 34. Rf2 Qf5 35. g4 Qf4 36. Re1 Rhc8 37. Rfe2 Qb8 38. Ra1 R8c6 39. Qa5 Qf4 40. Rae1 Qf6 41. Re5 Rf4 42. R5e3 Rd6 43. Qc5 Qd8 44. Kg3 Rc4 45. Qa7 Rd7 46. Qa6 Qb8+ 47. Kf2 Ra7 0-1

[Event "Paracin-ch"]
[Site "Paracin"]
[Date "2014.01.19"]
[Round "9"]
[White "Micanovic, Zoran"]
[Black "Rajic, Momcilo"]
[Result "0-1"]
[WhiteElo "2010"]
[BlackElo "1865"]
[PlyCount "90"]
[EventDate "2014.01.10"]
[EventType "swiss"]
[EventRounds "9"]
[EventCountry "SRB"]
[SourceTitle "CBM 158 Extra"]
[Source "ChessBase"]
[SourceDate "2014.02.28"]
[SourceVersion "1"]
[SourceVersionDate "2014.02.28"]
[SourceQuality "1"]

1. e4 e5 2. Bc4 d6 3. c3 Nf6 4. d3 Be7 5. Nf3 Bg4 6. Qb3 0-0 7. Qxb7 Nbd7 8. Qb3 Bxf3 9. gxf3 Nh5 10. Qc2 Bg5 11. Be3 Nf4 12. Rg1 c6 13. Nd2 Kh8 14. Nf1 Nb6 15. Bb3 Be7 16. Ng3 g6 17. Ne2 Ne6 18. f4 exf4 19. Nxf4 Nxf4 20. Bxf4 Bf6 21. 0-0-0 a5 22. Qd2 a4 23. Bc2 Bg7 24. h4 h5 25. Bg5 Qd7 26. Bh6 Qe6 27. Bxg7+ Kxg7 28. f4 Qxa2 29. Qe3 c5 30. f5 a3 31. b4 Qb2+ 32. Kd2 a2 33. Ra1 Ra3 34. Rgc1 Qxc3+ 35. Ke2 Qxb4 36. Qd2 Qd4 37. Bd1 Re8 38. Rxa2 Rxa2 39. Qxa2 gxf5 40. Qd2 fxe4 41. Qg5+ Kf8 42. Qh6+ Ke7 43. Bc2 exd3+ 44. Bxd3 Kd7+ 45. Kd2 c4 0-1

[Event "Paracin-ch"]
[Site "Paracin"]
[Date "2014.01.18"]
[Round "7"]
[White "Kostic, Tomislav"]
[Black "Rajic, Momcilo"]
[Result "1-0"]
[WhiteElo "2023"]
[BlackElo "1865"]
[PlyCount "107"]
[EventDate "2014.01.10"]
[EventType "swiss"]
[EventRounds "9"]
[EventCountry "SRB"]
[SourceTitle "CBM 158 Extra"]
[Source "ChessBase"]
[SourceDate "2014.02.28"]
[SourceVersion "1"]
[SourceVersionDate "2014.02.28"]
[SourceQuality "1"]

1. e4 e5 2. Nf3 d6 3. d4 exd4 4. Nxd4 Nf6 5. Nc3 Nc6 6. Bb5 Bd7 7. Bxc6 bxc6 8. Qf3 Be7 9. e5 dxe5 10. Nxc6 Bxc6 11. Qxc6+ Nd7 12. Be3 0-0 13. 0-0-0 Bd6 14. Nb5 Nf6 15. Nxd6 cxd6 16. Rxd6 Qa5 17. Qa6 Qb4 18. a3 Qe4 19. Qc6 Qg6 20. Rhd1 h6 21. Qf3 Rac8 22. c3 Rc7 23. h4 Qh7 24. Rd8 Rc8 25. Rxf8+ Kxf8 26. Bxa7 Ne4 27. Qd3 f5 28. f3 g5 29. fxe4 Qxa7 30. Qd6+ Kf7 31. exf5 Qe3+ 32. Kc2 Qe4+ 33. Qd3 Qxg2+ 34. Rd2 Qc6 35. hxg5 hxg5 36. f6 Kxf6 37. Rf2+ Kg7 38. Qf5 Qg6 39. b4 Re8 40. a4 g4 41. a5 Qxf5+ 42. Rxf5 Kg6 43. Rf1 Kg5 44. a6 g3 45. a7 Ra8 46. Ra1 Kg4 47. b5 g2 48. b6 Kf3 49. Rg1 Kf2 50. Rxg2+ Kxg2 51. b7 Rxa7 52. b8Q Re7 53. Qg8+ Kh3 54. Qf8 1-0

[Event "Paracin-ch"]
[Site "Paracin"]
[Date "2014.01.11"]
[Round "3"]
[White "Jovanovic, Bojan P"]
[Black "Rajic, Momcilo"]
[Result "1-0"]
[WhiteElo "2252"]
[BlackElo "1865"]
[PlyCount "147"]
[EventDate "2014.01.10"]
[EventType "swiss"]
[EventRounds "9"]
[EventCountry "SRB"]
[SourceTitle "CBM 158 Extra"]
[Source "ChessBase"]
[SourceDate "2014.02.28"]
[SourceVersion "1"]
[SourceVersionDate "2014.02.28"]
[SourceQuality "1"]

1. d4 Nf6 2. Bf4 c6 3. e3 d5 4. Bd3 Bg4 5. f3 Bh5 6. Ne2 e6 7. Nbc3 Bd6 8. Bg5 Nbd7 9. e4 dxe4 10. Nxe4 Qa5+ 11. Bd2 Qc7 12. Nxd6+ Qxd6 13. 0-0 Bg6 14. Be1 Bxd3 15. Qxd3 0-0 16. Bg3 Qe7 17. Qb3 b6 18. Nc3 Nh5 19. Bf2 Nf4 20. Ne4 Nf6 21. Qe3 Ng6 22. Bg3 Rfd8 23. a3 Rd7 24. Rfe1 Rad8 25. c3 Nh5 26. Bf2 Nhf4 27. Bg3 Nh5 28. Bf2 Nhf4 29. Kf1 Nd5 30. Qe2 Nf6 31. g3 Nxe4 32. Qxe4 c5 33. dxc5 bxc5 34. b4 cxb4 35. axb4 Qf6 36. Bd4 e5 37. Bxa7 Rd3 38. Re3 Rd1+ 39. Rxd1 Rxd1+ 40. Ke2 Ra1 41. Qb7 Ra2+ 42. Kd3 h6 43. Bc5 Ra3 44. Qc8+ Kh7 45. Ke4 Ra1 46. h4 Rd1 47. h5 Ne7 48. Bxe7 Qxe7 49. Qf5+ Kh8 50. Qxe5 f5+ 51. Kxf5 Qg5+ 52. Ke4 Qd8 53. Kf4 Qf8+ 54. Kg4 Rd8 55. Qe7 Qg8 56. b5 Rb8 57. Qe6 Qd8 58. Re5 Qd3 59. Qc6 Rf8 60. b6 Rf6 61. Re8+ Kh7 62. Qe4+ Qxe4+ 63. Rxe4 Rxb6 64. Rc4 g6 65. Rc7+ Kg8 66. hxg6 Rxg6+ 67. Kh4 Kf8 68. f4 Ke8 69. g4 Kd8 70. Rh7 Rc6 71. Kh5 Ke8 72. Rxh6 Rxc3 73. Rh7 Kf8 74. Ra7 1-0

[Event "Paracin-ch"]
[Site "Paracin"]
[Date "2014.01.11"]
[Round "2"]
[White "Rajic, Momcilo"]
[Black "Radosavljevic, Slobodan D"]
[Result "1-0"]
[WhiteElo "1865"]
[BlackElo "2223"]
[PlyCount "64"]
[EventDate "2014.01.10"]
[EventType "swiss"]
[EventRounds "9"]
[EventCountry "SRB"]
[SourceTitle "CBM 158 Extra"]
[Source "ChessBase"]
[SourceDate "2014.02.28"]
[SourceVersion "1"]
[SourceVersionDate "2014.02.28"]
[SourceQuality "1"]

1. e4 c5 2. Nc3 g6 3. d3 Bg7 4. Be3 Qa5 5. Qd2 Nf6 6. Be2 Nc6 7. Nf3 0-0 8. 0-0 d6 9. Bh6 Bg4 10. h3 Bxf3 11. Bxf3 Rac8 12. Bd1 Rfe8 13. Bxg7 Kxg7 14. f4 c4 15. Qf2 Qb4 16. Rb1 cxd3 17. cxd3 Qd4 18. Be2 Nd7 19. Bg4 Red8 20. Rbd1 h5 21. Bxd7 Rxd7 22. Qxd4+ Nxd4 23. Kf2 e5 24. Ke3 b5 25. a3 Rdc7 26. Rf2 f5 27. g4 hxg4 28. hxg4 Rh8 29. exf5 gxf5 30. gxf5 Rh4 31. Rg1+ Kf7 32. Ne4 Rc6 1-0

[Event "SRB Central-ch op-B 6th"]
[Site "Paracin"]
[Date "2013.07.08"]
[Round "4"]
[White "Dragojevic, Dragan"]
[Black "Rajic, Momcilo"]
[Result "1-0"]
[WhiteElo "1971"]
[BlackElo "1824"]
[PlyCount "73"]
[EventDate "2013.07.05"]
[EventType "swiss"]
[EventRounds "9"]
[EventCountry "SRB"]
[SourceTitle "CBM 155 Extra"]
[Source "ChessBase"]
[SourceDate "2013.08.26"]
[SourceVersion "1"]
[SourceVersionDate "2013.08.26"]
[SourceQuality "1"]

1. e4 e5 2. Nf3 Nc6 3. Bc4 Nd4 4. Nxd4 exd4 5. c3 dxc3 6. Nxc3 d6 7. d4 Nf6 8. Qb3 d5 9. Nxd5 c6 10. Nc3 Qc7 11. a4 g6 12. e5 Ng4 13. h3 Nh6 14. Ne4 Nf5 15. Nf6+ Kd8 16. Bg5 Be7 17. g4 Nxd4 18. 0-0-0 c5 19. f4 Bxf6 20. Bxf6+ Ke8 21. Rxd4 cxd4 22. Bxh8 Be6 23. Qb5+ Bd7 24. Qd5 Bc6 25. Qc5 b6 26. Qd6 Qxd6 27. exd6 Kd7 28. Rd1 Rxh8 29. Rxd4 f6 30. f5 Bg2 31. Be6+ Kc6 32. d7 Rd8 33. Rc4+ Kd6 34. Rc8 Ke7 35. g5 gxf5 36. Rxd8 Kxd8 37. gxf6 1-0

[Event "Paracin-ch"]
[Site "Paracin"]
[Date "2012.01.22"]
[Round "5"]
[White "Milovanovic, Srboljub"]
[Black "Rajic, Momcilo"]
[Result "1-0"]
[WhiteElo "2203"]
[BlackElo "1838"]
[PlyCount "49"]
[EventDate "2012.01.20"]
[EventType "swiss"]
[EventRounds "9"]
[EventCountry "SRB"]
[SourceTitle "CBM 146 Extra"]
[Source "ChessBase"]
[SourceDate "2012.02.29"]
[SourceVersion "1"]
[SourceVersionDate "2012.02.29"]
[SourceQuality "1"]

1. d4 d5 2. c4 Nf6 3. cxd5 Nxd5 4. e4 Nf6 5. Nc3 e6 6. Nf3 Be7 7. Bd3 c5 8. dxc5 Bxc5 9. 0-0 Nc6 10. Bg5 Be7 11. Qe2 0-0 12. Rfd1 Qa5 13. e5 Nd7 14. Qe4 g6 15. Qh4 Re8 16. Bxe7 Nxe7 17. Ng5 Nf8 18. f4 Nf5 19. Bxf5 exf5 20. Nd5 Re6 21. Nf6+ Rxf6 22. exf6 Qb6+ 23. Qf2 Qxf6 24. Qd4 Qxd4+ 25. Rxd4 1-0